| 000 | 01619nam a22002775a 4500 | ||
|---|---|---|---|
| 003 | OSt | ||
| 005 | 20160919114718.0 | ||
| 008 | 160919s2014 ua fr 000 0 ara d | ||
| 015 | _a2014/22933 | ||
| 020 | _a9789771029359 | ||
| 040 |
_aEG-ScBUE _bara _cEG-ScBUE |
||
| 043 | _af-ua--- | ||
| 082 | 0 | 4 |
_a343.6207891 _bع ب د _222 |
| 100 | 1 |
_aعبد المنعم، هويدا محمد. _941113 |
|
| 245 | 1 | 0 |
_aقوانين وقرارات العمل السياحي والفندقي وشركات السياحة / _cهويدا محمد عبد المنعم. |
| 250 | _aط. 1. | ||
| 260 |
_aالقاهرة : _bدار الفكر العربي، _c2014. |
||
| 300 |
_a147 ص. ؛ _c24 سم. |
||
| 505 | 0 | _aالهيكل الإداري للمنشآت السياحية والفندقية - الوزارات والمجالس والهيئات السياحية - الغرف السياحية وشرطة الآثار - التنظيم القانوني للنشاط الفندقي والسياحي - المنشآت الفندقية والمنشآت السياحية - الأحكام الخاصة بترخيص المنشآت الفندقية والسياحية والمركز القانوني لها - الشروط الواجب توافرها لمديري هذه المنشآت - العقود السياحية والفندقية. | |
| 650 | 7 |
_aالسياحة _xقوانين وتشريعات _zمصر. _2BUEsh _941114 |
|
| 650 | 7 |
_aالفنادق _xتنظيم وإدارة _zمصر. _2BUEsh _941115 |
|
| 650 | 7 |
_aالمنشآت السياحية _zمصر. _2BUEsh _941116 |
|
| 651 | _2BUEsh | ||
| 653 |
_bLLAAWW _cSeptember2016 |
||
| 942 | _2ddc | ||
| 999 |
_c22361 _d22333 |
||